NATURAL PRODUCTFROM PLANT (Record no. 22930)

MARC details
000 -LEADER
fixed length control field 00344nam a22001577a 4500
003 - CONTROL NUMBER IDENTIFIER
control field SGT
020 ## - INTERNATIONAL STANDARD BOOK NUMBER
International Standard Book Number 0849329760
082 ## - DEWEY DECIMAL CLASSIFICATION NUMBER
Classification number 615.53
Item number N06C
100 ## - MAIN ENTRY--PERSONAL NAME
Personal name CSEKE, LELANDJ,ed.
245 ## - TITLE STATEMENT
Title NATURAL PRODUCTFROM PLANT
250 ## - EDITION STATEMENT
Edition statement 2ND
260 ## - PUBLICATION, DISTRIBUTION, ETC. (IMPRINT)
Place of publication, distribution, etc INDIA
Name of publisher, distributor, etc TAYLOR & FRANCE
Year of Publication 2006
300 ## - PAGE DESCRIPTION
No. of Pages 611
650 ## - SUBJECT ADDED ENTRY--TOPICAL TERM
Topical term or geographic name as entry element PHARMACOGONOSY
942 ## - ADDED ENTRY ELEMENTS (KOHA)
Source of classification or shelving scheme Dewey Decimal Classification
Koha item type Books
Holdings
Withdrawn status Lost status Source of classification or shelving scheme Damaged status Use restrictions Not for loan Collection code Home library Current library Shelving location Date acquired Vendor Name Cost, normal purchase price SGTU Bill Number Full call number Accession No. (Barcode) Date last seen Bill Date Koha item type
    Dewey Decimal Classification   Restricted Access   PHARMACY SGT FA-FP Library SGT FA-FP Library Reference Book 25/06/2022 AHUJA PUBLICATION 795.00 SGTU 14474 615.53 N06C FP4277 25/06/2022 19/05/2022 Books